[Event "5ème open de Provence (B)"]
[Site "Salon de Provence"]
[Date "2014.07.05"]
[Round "1.1"]
[White "Maccagnan, Tomas"]
[Black "Mars, Theo"]
[Result "1-0"]
[WhiteElo "1679"]
[BlackElo "1449"]
[PlyCount "47"]
[EventDate "2014.??.??"]

1. e4 c6 2. d4 d5 3. Nc3 dxe4 4. Nxe4 Bf5 5. Ng3 Bg6 6. h4 h6 7. Nf3 Nd7 8. h5
Bh7 9. Bd3 Bxd3 10. Qxd3 e6 11. Bf4 Qa5+ 12. Bd2 Qc7 13. O-O-O Ngf6 14. Rde1
Bd6 15. Nf5 O-O 16. Nxd6 Qxd6 17. g4 Nxg4 18. Reg1 Nxf2 19. Qe3 Nxh1 20. Rxg7+
Kxg7 21. Qxh6+ Kg8 22. Ng5 Nf6 23. Qxf6 Qd7 24. h6 1-0

[Event "5ème open de Provence (B)"]
[Site "Salon de Provence"]
[Date "2014.07.05"]
[Round "1.2"]
[White "Ulloa, Philippe"]
[Black "Noireaut, Hoan"]
[Result "0-1"]
[WhiteElo "1437"]
[BlackElo "1674"]
[PlyCount "74"]
[EventDate "2014.??.??"]

1. d4 d6 2. c4 Nf6 3. Nc3 g6 4. e4 Bg7 5. h3 O-O 6. Nf3 Nbd7 7. Be2 e5 8. d5
Nc5 9. Qc2 a5 10. O-O Ne8 11. Bg5 f6 12. Bh4 g5 13. Bg3 h6 14. h4 g4 15. Nh2 h5
16. a3 a4 17. Bd1 f5 18. f3 f4 19. Bf2 g3 20. Bxc5 gxh2+ 21. Kh1 dxc5 22. Qf2
Bf6 23. g3 Kh8 24. Qxh2 fxg3 25. Qxg3 Rg8 26. Qh2 Qe7 27. Bxa4 Bxh4 28. Bxe8
Qxe8 29. Qxh4 Ra6 30. Nb5 Qf7 31. Qh2 Rg5 32. Qh4 Rag6 33. Rf2 Rg7 34. Rg1
Rxg1+ 35. Kh2 Qg6 36. Nxc7 Qg2+ 37. Rxg2 R7xg2# 0-1

[Event "5ème open de Provence (B)"]
[Site "Salon de Provence"]
[Date "2014.07.05"]
[Round "1.5"]
[White "Salvi, Michel"]
[Black "Benezra, Silke"]
[Result "1-0"]
[WhiteElo "1626"]
[BlackElo "1405"]
[PlyCount "71"]
[EventDate "2014.??.??"]

1. e4 e5 2. Nf3 Nc6 3. Bb5 a6 4. Ba4 Nf6 5. O-O d6 6. h3 Be7 7. d4 b5 8. Bb3
Nxe4 9. Bd5 Bb7 10. Bxe4 Qd7 11. dxe5 O-O-O 12. Nc3 dxe5 13. Qxd7+ Rxd7 14. Bf5
Bd6 15. Ne4 Nd4 16. Bxd7+ Kxd7 17. Nxd4 Bxe4 18. Re1 Bg6 19. Nf3 f6 20. c3 Re8
21. Bd2 c5 22. Rad1 Bf7 23. Be3 Kc6 24. Rd2 e4 25. Nh2 Bxa2 26. Ra1 Bxh2+ 27.
Kxh2 Be6 28. Rxa6+ Kb7 29. Rdd6 Bc8 30. Bxc5 Re5 31. Ra7+ Kb8 32. Bd4 Re8 33.
Rxg7 f5 34. Rb6+ Ka8 35. Rxb5 h6 36. Ra7# 1-0

[Event "5ème open de Provence (B)"]
[Site "Salon de Provence"]
[Date "2014.07.05"]
[Round "1.6"]
[White "Brenon, Stephane"]
[Black "Billon-Blouin, Alec"]
[Result "*"]
[WhiteElo "1360"]
[BlackElo "1579"]
[PlyCount "88"]
[EventDate "2014.??.??"]

1. e4 Nf6 2. Nc3 e5 3. Nf3 Nc6 4. d4 exd4 5. Nxd4 Bc5 6. Nb3 Bb6 7. Be3 Bxe3 8.
fxe3 Qe7 9. Qf3 O-O 10. Bd3 Re8 11. O-O-O Nb4 12. Nd5 Nfxd5 13. exd5 Qxe3+ 14.
Qxe3 Rxe3 15. Bc4 Nxa2+ 16. Kb1 Nb4 17. Rhf1 d6 18. c3 Na6 19. Nd4 Bg4 20. Rc1
Rae8 21. Nc2 R3e4 22. Bb5 R8e5 23. Rfe1 Rxe1 24. Nxe1 Rxd5 25. Bc4 Bf5+ 26. Nc2
Rd2 27. Bb3 Nc5 28. Rf1 Bg6 29. Re1 Kf8 30. Bc4 Rxc2 31. Ka2 c6 32. Rd1 Na4 33.
Kb3 b5 34. Bd3 Rxb2+ 35. Ka3 Nxc3 36. Kxb2 Nxd1+ 37. Kc2 Bxd3+ 38. Kxd3 a5 39.
Kc2 Ne3+ 40. Kb3 d5 41. g4 d4 42. Kb2 a4 43. h4 a3+ 44. Kxa3 d3 *

[Event "5ème open de Provence (B)"]
[Site "Salon de Provence"]
[Date "2014.07.05"]
[Round "1.8"]
[White "Villevieille, Lucas"]
[Black "Mazzella, Enzo"]
[Result "*"]
[WhiteElo "1338"]
[BlackElo "1554"]
[PlyCount "72"]
[EventDate "2014.??.??"]

1. d4 Nf6 2. c4 g6 3. Nc3 d5 4. cxd5 Nxd5 5. e4 Nxc3 6. bxc3 Bg7 7. Nf3 O-O 8.
Bc4 c5 9. h3 Nc6 10. Be3 Na5 11. Bb3 b6 12. O-O Bb7 13. Bc2 Qc7 14. Qe2 Rfd8
15. Rfd1 Rd7 16. Rd2 Rad8 17. Rad1 cxd4 18. cxd4 Nc4 19. Bf4 Qc8 20. Ba4 Nxd2
21. Rxd2 Qc1+ 22. Qd1 Qxd1+ 23. Rxd1 Bxe4 24. Bxd7 Rxd7 25. Rc1 f6 26. Nd2 Bf5
27. Nb3 g5 28. Be3 Be6 29. Kf1 f5 30. g3 Kf7 31. Ke2 Bd5 32. Rc2 Ke6 33. f3 Kd6
34. Bf2 Rc7 35. Rd2 Rc3 36. Rd3 Bc4 *

[Event "5ème open de Provence (B)"]
[Site "Salon de Provence"]
[Date "2014.07.05"]
[Round "1.14"]
[White "Goeau, Aurelice"]
[Black "Chabaud, Philippe"]
[Result "*"]
[WhiteElo "1232"]
[BlackElo "1480"]
[PlyCount "71"]
[EventDate "2014.??.??"]

1. e4 e6 2. Nf3 Nc6 3. d4 d5 4. e5 Bd7 5. Bd3 h6 6. O-O Qe7 7. Bd2 O-O-O 8. b3
g5 9. h3 Bg7 10. c4 f6 11. Re1 fxe5 12. dxe5 Qf7 13. Bc3 Nge7 14. b4 dxc4 15.
Bxc4 Qf4 16. Nbd2 Ng6 17. Re4 Qf7 18. b5 Nce7 19. Qa4 Kb8 20. Bd4 b6 21. Qb3
Nf4 22. a4 Nfd5 23. a5 Bc8 24. axb6 cxb6 25. Qa3 Rd7 26. Bxd5 Nxd5 27. Nc4 Bf8
28. Nd6 Bxd6 29. exd6 Re8 30. Ne5 Qh7 31. Nxd7+ Qxd7 32. Bb2 Rf8 33. Ra4 Rf7
34. Be5 Nf4 35. Rxa7 Qxa7 36. d7+ *

[Event "5ème open de Provence (B)"]
[Site "Salon de Provence"]
[Date "2014.07.05"]
[Round "1.15"]
[White "Faillat, Alois"]
[Black "Hassid, Samuel"]
[Result "*"]
[WhiteElo "1477"]
[BlackElo "1153"]
[PlyCount "87"]
[EventDate "2014.??.??"]

1. e4 e5 2. Nf3 Nc6 3. Bc4 Nf6 4. d3 Be7 5. c3 O-O 6. O-O d5 7. exd5 Nxd5 8.
Re1 Bf6 9. Bd2 Nf4 10. Bxf4 exf4 11. Qc2 Bf5 12. Nbd2 Re8 13. Rxe8+ Qxe8 14.
Re1 Qd7 15. Ne4 Be5 16. Nc5 Qe7 17. Nxe5 Nxe5 18. b4 Re8 19. Qe2 f3 20. Qe3 Kf8
21. Qf4 Bxd3 22. Rxe5 g5 23. Rxe7 gxf4 24. Rxe8+ Kxe8 25. Bxd3 h6 26. gxf3 b6
27. Ne4 Ke7 28. Bc4 f5 29. Nd2 Kd6 30. Bd3 Ke5 31. Kf1 h5 32. Ke2 h4 33. h3 c5
34. bxc5 bxc5 35. Nb3 Kd5 36. Bxf5 Kc4 37. Kd2 Kb5 38. Nd4+ Ka4 39. Ne6 Ka3 40.
Nxf4 Kxa2 41. Be6+ Kb2 42. Nd3+ Ka3 43. f4 a5 44. f5 *

[Event "5ème open de Provence (B)"]
[Site "Salon de Provence"]
[Date "2014.07.05"]
[Round "1.9"]
[White "Telouk, Olivier"]
[Black "Hervy, Daniel"]
[Result "1-0"]
[WhiteElo "1550"]
[BlackElo "1310"]
[PlyCount "62"]
[EventDate "2014.??.??"]

1. c4 e6 2. d4 d5 3. Nc3 Nf6 4. Nf3 Nc6 5. e3 g6 6. cxd5 Nxd5 7. Bc4 Bb4 8. Qc2
a6 9. O-O b5 10. Nxd5 exd5 11. Bxb5 axb5 12. Qxc6+ Bd7 13. Qxd5 Be7 14. Ne5 O-O
15. Qxd7 Bd6 16. Qxd8 Raxd8 17. Nc6 Rde8 18. Bd2 Re4 19. Bb4 Bxh2+ 20. Kxh2 Ra8
21. a3 Ra6 22. Rac1 h5 23. Rfe1 Kg7 24. b3 Re8 25. e4 g5 26. d5 g4 27. Nd4 Rg6
28. Rxc7 g3+ 29. Kh3 Rg5 30. Nf5+ Rxf5 31. exf5 Rxe1 1-0

[Event "5ème open de Provence (B)"]
[Site "Salon de Provence"]
[Date "2014.07.05"]
[Round "1.3"]
[White "Baroyan, Davit"]
[Black "Philippe, Alexis"]
[Result "1-0"]
[WhiteElo "1661"]
[BlackElo "1420"]
[PlyCount "55"]
[EventDate "2014.??.??"]

1. d4 Nf6 2. c4 g6 3. Nc3 Bg7 4. e4 d6 5. f3 O-O 6. Be3 Nc6 7. Nge2 e5 8. d5
Ne7 9. Qd2 Nd7 10. g4 f6 11. h4 Nb6 12. Ng3 Nxc4 13. Bxc4 f5 14. gxf5 gxf5 15.
Bh6 f4 16. Bxg7 Rf7 17. Nh5 Rxg7 18. Nxg7 Kxg7 19. Qg2+ Kh8 20. Rg1 Ng6 21. Qg5
Qxg5 22. hxg5 Nh4 23. Kf2 Bd7 24. Rh1 Ng6 25. Rh6 Rf8 26. Rah1 Rf7 27. Rxg6 h6
28. Rf6 1-0

[Event "5ème open de Provence (B)"]
[Site "Salon de Provence"]
[Date "2014.07.05"]
[Round "1.10"]
[White "Goeau, Philibert"]
[Black "Cavanihac, Claude"]
[Result "0-1"]
[WhiteElo "1308"]
[BlackElo "1545"]
[PlyCount "114"]
[EventDate "2014.??.??"]

1. d4 Nf6 2. Bg5 c6 3. Nf3 e6 4. c4 Be7 5. Nc3 d5 6. e3 Nbd7 7. Bd3 dxc4 8.
Bxc4 Nb6 9. Bd3 Nbd5 10. Rc1 Qb6 11. Nxd5 exd5 12. Qc2 Bg4 13. Nd2 h6 14. Bh4
Be6 15. h3 Rc8 16. Nb3 g5 17. Bg3 Nd7 18. O-O c5 19. dxc5 Nxc5 20. Nxc5 Bxc5
21. Be5 Bxe3 22. Qe2 Rxc1 23. Bxh8 Rxf1+ 24. Kxf1 Bd4 25. Bxd4 Qxd4 26. Qd2 Ke7
27. Qc2 Kf6 28. Kg1 b6 29. Ba6 Qc5 30. Qd2 Bf5 31. h4 Kg6 32. hxg5 hxg5 33. Bd3
a5 34. Bxf5+ Kxf5 35. Kh2 Qc4 36. a3 Qf4+ 37. Qxf4+ Kxf4 38. Kg1 Ke4 39. Kf1
Kd3 40. Ke1 Kc2 41. Ke2 d4 42. Kf3 f5 43. g4 f4 44. Ke4 d3 45. Kf5 d2 46. Kxg5
f3 47. Kh6 d1=Q 48. g5 Qd2 49. Kh5 Qxf2 50. g6 Qg2 51. Kh6 Kxb2 52. a4 f2 53.
Kh7 Qxg6+ 54. Kh8 Qe4 55. Kg7 f1=Q 56. Kg8 Qg4+ 57. Kh7 Qh1# 0-1

[Event "5ème open de Provence (B)"]
[Site "Salon de Provence"]
[Date "2014.07.05"]
[Round "1.16"]
[White "Graccione, Angele"]
[Black "Maccagno, Gilbert"]
[Result "0-1"]
[WhiteElo "1040"]
[BlackElo "1463"]
[PlyCount "62"]
[EventDate "2014.??.??"]

1. e4 c5 2. Nf3 d6 3. d4 cxd4 4. Nxd4 Nf6 5. Nc3 e6 6. Be2 Be7 7. Be3 a6 8. Qd2
Qc7 9. O-O-O Nbd7 10. g4 Ne5 11. g5 Nfg4 12. f4 Nxe3 13. Qxe3 Nc4 14. Qd3 b5
15. Bf3 Bb7 16. a3 Rc8 17. Rhe1 Qc5 18. Nb3 Qc7 19. h4 Nxa3 20. bxa3 Qxc3 21.
Re3 Qc7 22. Nd4 g6 23. h5 O-O 24. hxg6 fxg6 25. Nxe6 Qc4 26. Nxf8 Bxf8 27. e5
Bxf3 28. Rxf3 dxe5 29. fxe5 Qc7 30. Qd5+ Kh8 31. e6 Qxc2# 0-1

[Event "5ème open de Provence (B)"]
[Site "Salon de Provence"]
[Date "2014.07.05"]
[Round "1.13"]
[White "Porte, Jacques"]
[Black "Pietrac, Christian"]
[Result "1-0"]
[WhiteElo "1487"]
[BlackElo "1261"]
[PlyCount "107"]
[EventDate "2014.??.??"]

1. d4 Nf6 2. Nf3 c6 3. c4 e6 4. Nc3 Bb4 5. Bg5 O-O 6. a3 Bxc3+ 7. bxc3 d6 8. e4
Nbd7 9. e5 dxe5 10. dxe5 Qa5 11. exf6 Qxc3+ 12. Bd2 Qxf6 13. Be2 Re8 14. O-O h6
15. Qc2 Nc5 16. Bc3 Qf5 17. Qxf5 exf5 18. Rfe1 Be6 19. Bb4 Ne4 20. c5 b6 21.
Rac1 a5 22. Bd2 Nxc5 23. Nd4 Rac8 24. Bxa5 bxa5 25. Rxc5 Bd5 26. Nxf5 Re6 27.
Ne3 Rb8 28. Nxd5 cxd5 29. Rxd5 a4 30. Kf1 g6 31. Bb5 Rxe1+ 32. Kxe1 Ra8 33. Kd2
Kg7 34. Kd3 Kf6 35. f4 h5 36. g3 Ra7 37. Rd6+ Ke7 38. Rd7+ Rxd7+ 39. Bxd7 Kxd7
40. Kc4 Kc6 41. Kb4 Kb6 42. Kxa4 f6 43. Kb4 g5 44. fxg5 fxg5 45. Kc4 Ka5 46.
Kd4 Ka4 47. h4 gxh4 48. gxh4 Kxa3 49. Ke4 Kb4 50. Kf4 Kc5 51. Kg5 Kd6 52. Kxh5
Ke6 53. Kg6 Ke7 54. Kg7 1-0

[Event "5ème open de Provence (B)"]
[Site "Salon de Provence"]
[Date "2014.07.05"]
[Round "1.7"]
[White "Frailinu, Jean-Bernard"]
[Black "Boghossian, Hugo"]
[Result "1-0"]
[WhiteElo "1574"]
[BlackElo "1344"]
[PlyCount "75"]
[EventDate "2014.??.??"]

1. c4 e5 2. Nc3 Nf6 3. Nf3 Bb4 4. Nd5 Nxd5 5. cxd5 d6 6. Qa4+ c6 7. Qxb4 cxd5
8. Qb5+ Nc6 9. Qxd5 Be6 10. Qb5 Qd7 11. e3 O-O 12. Bd3 a6 13. Qa4 b5 14. Qh4
Bf5 15. Bxf5 Qxf5 16. e4 Qg6 17. O-O Nb4 18. d4 Nc2 19. Rb1 d5 20. Nxe5 Qxe4
21. Qxe4 dxe4 22. Be3 Rac8 23. Rbc1 Nb4 24. a3 f6 25. Nd7 Rfd8 26. Nc5 Nd5 27.
Nxa6 Rxc1 28. Rxc1 Ra8 29. Nc7 Nxc7 30. Rxc7 h6 31. g4 Kh7 32. Kg2 Kg6 33. Rc5
Ra5 34. Kg3 h5 35. Rxh5 Kf7 36. Kf4 g6 37. Rc5 Ke6 38. Kxe4 1-0

[Event "5ème open de Provence (B)"]
[Site "Salon de Provence"]
[Date "2014.07.05"]
[Round "1.11"]
[White "Mars, Fiona"]
[Black "Billon-Blouin, Colin"]
[Result "0-1"]
[WhiteElo "1517"]
[BlackElo "1284"]
[PlyCount "104"]
[EventDate "2014.??.??"]

1. e4 e5 2. Nf3 Nc6 3. Bc4 Nf6 4. Ng5 d5 5. exd5 Na5 6. Bb5+ c6 7. dxc6 bxc6 8.
Ba4 Ng4 9. Nf3 Qb6 10. d4 exd4 11. Nxd4 Be7 12. O-O O-O 13. h3 Rd8 14. hxg4
Rxd4 15. Qe2 Bf8 16. Be3 Qxb2 17. Bxd4 Qxd4 18. Nc3 Qxc3 19. Rad1 Be6 20. Bb3
Nxb3 21. axb3 Qb4 22. Qe3 Qxg4 23. Rd4 Bc5 24. Rxg4 Bxe3 25. Rg3 Bb6 26. Rd3
Rd8 27. Rxd8+ Bxd8 28. Rd1 Bb6 29. c4 c5 30. f3 g6 31. Kf2 Bf5 32. Re1 Kf8 33.
Re2 h5 34. Kg3 Bc7+ 35. Kf2 f6 36. g3 Kf7 37. f4 g5 38. fxg5 fxg5 39. Kg2 h4
40. Ra2 Bb6 41. Rf2 Kg6 42. gxh4 gxh4 43. Kh2 h3 44. Re2 Kg5 45. Re7 Kf6 46.
Re3 Bc7+ 47. Kh1 h2 48. Re2 Bd7 49. Rf2+ Ke6 50. Re2+ Be5 51. b4 Bc6+ 52. Rg2
Bxg2+ 0-1

[Event "5ème open de Provence (B)"]
[Site "Salon de Provence"]
[Date "2014.??.??"]
[Round "2.1"]
[White "Cavanihac, Claude"]
[Black "Maccagnan, Tomas"]
[Result "1/2-1/2"]
[WhiteElo "1535"]
[BlackElo "1679"]
[PlyCount "70"]
[EventDate "2014.??.??"]

1. d4 Nf6 2. c4 c5 3. d5 e6 4. Nc3 exd5 5. cxd5 d6 6. e4 g6 7. Bg5 Bg7 8. Bd3
O-O 9. Nge2 a6 10. a4 Qc7 11. Bxf6 Bxf6 12. O-O Re8 13. Rc1 Nd7 14. f4 Rb8 15.
b3 Qb6 16. Kh1 Qb4 17. Na2 Qa5 18. Qe1 Qxe1 19. Rfxe1 b5 20. axb5 axb5 21. Nac3
Ba6 22. Ra1 Rb6 23. Ra5 c4 24. bxc4 bxc4 25. Bc2 Nc5 26. e5 Be7 27. Nd4 Nb7 28.
Ra2 Bf8 29. Ba4 Rc8 30. e6 fxe6 31. Nxe6 Nc5 32. Nxc5 Rxc5 33. Bd7 Bc8 34. Bc6
Ra6 35. Rae2 Raa5 1/2-1/2

[Event "5ème open de Provence (B)"]
[Site "Salon de Provence"]
[Date "2014.??.??"]
[Round "2.2"]
[White "Noireaut, Hoan"]
[Black "Telouk, Olivier"]
[Result "1-0"]
[WhiteElo "1674"]
[BlackElo "1550"]
[PlyCount "73"]
[EventDate "2014.??.??"]

1. d4 Nf6 2. Nc3 g6 3. e4 d6 4. f3 Bg7 5. Be3 O-O 6. Qd2 Re8 7. O-O-O a5 8. h4
h5 9. Nh3 Nh7 10. Be2 e5 11. dxe5 Bxe5 12. Bd4 Bxd4 13. Qxd4 Qxh4 14. Nd5 Nc6
15. Qc3 Qd8 16. Nhf4 Nb4 17. Kb1 Nxd5 18. Nxd5 c6 19. Nf4 Be6 20. g4 Qf6 21.
Qxf6 Nxf6 22. gxh5 Nxh5 23. Nxh5 gxh5 24. Rxh5 Rad8 25. Rxa5 d5 26. Ra7 Bc8 27.
c4 f5 28. cxd5 fxe4 29. Rg1+ Kf8 30. dxc6 Bf5 31. Rg5 Bh7 32. f4 e3+ 33. f5 Rd2
34. cxb7 Rxe2 35. Ra8 Re1+ 36. Kc2 Re2+ 37. Kc3 1-0

[Event "5ème open de Provence (B)"]
[Site "Salon de Provence"]
[Date "2014.??.??"]
[Round "2.3"]
[White "Maccagno, Gilbert"]
[Black "Baroyan, Davit"]
[Result "0-1"]
[WhiteElo "1463"]
[BlackElo "1654"]
[PlyCount "84"]
[EventDate "2014.??.??"]

1. d4 d5 2. c4 c6 3. Nc3 Nf6 4. Nf3 dxc4 5. a4 Bf5 6. g3 Nd5 7. Bg2 e6 8. O-O
Nxc3 9. bxc3 Be4 10. Ng5 Bxg2 11. Kxg2 Be7 12. Nf3 b5 13. axb5 cxb5 14. Bb2 Nc6
15. Kg1 O-O 16. e4 Qb6 17. Rb1 a5 18. Nd2 Rfb8 19. Qe2 a4 20. Ba1 Qa6 21. Rfc1
a3 22. Rc2 Qa4 23. Nf3 Na5 24. Ne5 Bd6 25. Ng4 Ra7 26. Ne3 Nb3 27. Ra2 Rc7 28.
f4 Rbc8 29. Nc2 b4 30. Bb2 Ra7 31. Qe3 Qd7 32. Nxb4 axb2 33. Raxb2 Bxb4 34.
cxb4 Ra4 35. Qc3 Qxd4+ 36. Qxd4 Nxd4 37. b5 c3 38. Rf2 c2 39. Rc1 Rb4 40. Kg2
Rxb5 41. Rd2 Rb1 42. Rcxc2 Rxc2 0-1

[Event "5ème open de Provence (B)"]
[Site "Salon de Provence"]
[Date "2014.??.??"]
[Round "2.4"]
[White "Goeau, Loic"]
[Black "Porte, Jacques"]
[Result "1-0"]
[WhiteElo "1651"]
[BlackElo "1487"]
[PlyCount "57"]
[EventDate "2014.??.??"]

1. e4 c5 2. Nf3 d6 3. c3 Nc6 4. d4 cxd4 5. Nxd4 e6 6. Be3 Nf6 7. f3 Be7 8. Bd3
a6 9. O-O O-O 10. Nd2 d5 11. Nxc6 bxc6 12. e5 Nd7 13. f4 c5 14. Rf3 f5 15. exf6
Nxf6 16. Rg3 Bd6 17. Nf3 Qc7 18. Ne5 Bxe5 19. fxe5 Ne4 20. Bxe4 dxe4 21. Qd6
Qb7 22. Bxc5 Bd7 23. Rd1 Rad8 24. Qe7 g6 25. Rh3 Bc6 26. Rxd8 Qxe7 27. Bxe7
Rxd8 28. Bxd8 Bd5 29. b3 1-0

[Event "5ème open de Provence (B)"]
[Site "Salon de Provence"]
[Date "2014.??.??"]
[Round "2.5"]
[White "Billon-Blouin, Colin"]
[Black "Salvi, Michel"]
[Result "0-1"]
[WhiteElo "1284"]
[BlackElo "1626"]
[PlyCount "89"]
[EventDate "2014.??.??"]

1. e4 c5 2. Nf3 d6 3. d4 cxd4 4. Nxd4 Nf6 5. Nc3 a6 6. Bg5 e5 7. Nf3 Be7 8. Be2
Be6 9. O-O O-O 10. a4 Nbd7 11. Bxf6 Nxf6 12. Ng5 d5 13. f4 Qb6+ 14. Kh1 Qxb2
15. Nxd5 Nxd5 16. Nxe6 Nc3 17. Qd7 Nxe2 18. Qxe7 Rae8 19. Qa3 Qxa3 20. Rxa3
fxe6 21. f5 exf5 22. exf5 Nd4 23. g4 Nxc2 24. Rb3 e4 25. Rf2 Nd4 26. Re3 g6 27.
Rd2 Nf3 28. Rde2 gxf5 29. gxf5 Nd4 30. Rg2+ Kh8 31. Rg4 Nxf5 32. Rexe4 Rxe4 33.
Rxe4 Kg7 34. Rb4 Rf7 35. Rb6 Ne3 36. h3 Nd5 37. Rd6 Nc3 38. a5 Nb5 39. Re6 Na7
40. Rd6 Nc6 41. Rd5 Kf6 42. Kg2 Ke6 43. Rh5 Kf6 44. Kg3 Kg6 45. Re5 0-1

[Event "5ème open de Provence (B)"]
[Site "Salon de Provence"]
[Date "2014.??.??"]
[Round "2.6"]
[White "Billon-Blouin, Alec"]
[Black "Faillat, Alois"]
[Result "1-0"]
[WhiteElo "1579"]
[BlackElo "1477"]
[PlyCount "65"]
[EventDate "2014.??.??"]

1. e4 c6 2. Nc3 d5 3. d4 dxe4 4. Nxe4 Bf5 5. Nc3 e6 6. Nf3 Nd7 7. Bc4 Ne7 8.
O-O Qc7 9. Re1 h6 10. Nh4 Bh7 11. Ne4 O-O-O 12. Qe2 Nb6 13. Nf3 Bxe4 14. Bxe6+
fxe6 15. Qxe4 Ned5 16. Qxe6+ Kb8 17. Ne5 Rd6 18. Qe8+ Rd8 19. Qf7 Rc8 20. c4
Nb4 21. Bf4 Ka8 22. Qxc7 Rxc7 23. Nf7 Rc8 24. Nxh8 Nc2 25. c5 Nd5 26. Bg3 Nxa1
27. Rxa1 Bxc5 28. dxc5 Rxh8 29. Be5 Rg8 30. Kf1 g5 31. Re1 Nb4 32. a3 Nd3 33.
Re3 1-0

[Event "5ème open de Provence (B)"]
[Site "Salon de Provence"]
[Date "2014.??.??"]
[Round "2.7"]
[White "Loi, Emmanuel"]
[Black "Frailinu, Jean-Bernard"]
[Result "1-0"]
[WhiteElo "1271"]
[BlackElo "1574"]
[PlyCount "99"]
[EventDate "2014.??.??"]

1. d4 d5 2. Nf3 Nf6 3. g3 e6 4. Bg2 Bd6 5. Nc3 O-O 6. O-O a6 7. Re1 Re8 8. e4
dxe4 9. Nxe4 Nxe4 10. Rxe4 Nd7 11. Qd3 Nf6 12. Bg5 Be7 13. Rh4 g6 14. c4 Nd7
15. Bxe7 Qxe7 16. Qe3 f6 17. Re1 Nf8 18. Bh3 c6 19. Re4 Kg7 20. Nh4 Bd7 21. f4
Qf7 22. Qc3 b5 23. b4 Rad8 24. Nf3 Bc8 25. Bg2 Bb7 26. c5 Bc8 27. h4 Kg8 28.
Kf2 Qd7 29. g4 Kf7 30. g5 Qd5 31. gxf6 Qxa2+ 32. R1e2 Qd5 33. Nd2 Qh5 34. Qg3
Nd7 35. Nf3 Kxf6 36. Ng5 Nf8 37. Bf3 Qh6 38. Ke3 Qg7 39. h5 h6 40. Nh3 Nh7 41.
Re5 Bd7 42. Nf2 g5 43. Ne4+ Ke7 44. Kf2 Rf8 45. f5 Nf6 46. Nd6 Qg8 47. Bg4 Nd5
48. Kg1 Nf4 49. R2e4 Rf6 50. Qb3 1-0

[Event "5ème open de Provence (B)"]
[Site "Salon de Provence"]
[Date "2014.??.??"]
[Round "2.8"]
[White "Mazzella, Enzo"]
[Black "Goeau, Aurelice"]
[Result "1-0"]
[WhiteElo "1554"]
[BlackElo "1232"]
[PlyCount "99"]
[EventDate "2014.??.??"]

1. e4 c5 2. d4 cxd4 3. c3 dxc3 4. Nxc3 d6 5. Bc4 Nf6 6. e5 Nfd7 7. exd6 exd6 8.
Bf4 Nc6 9. Bxd6 Bxd6 10. Qxd6 Qe7+ 11. Qxe7+ Nxe7 12. O-O-O O-O 13. Nge2 Ne5
14. Bb3 Bf5 15. Bc2 Rac8 16. Bxf5 Nxf5 17. f4 Ng4 18. Rd7 Nge3 19. g3 Rfe8 20.
Rxb7 Ng4 21. Kb1 Re7 22. Rxe7 Nxe7 23. h3 Nf2 24. Rh2 Nd3 25. Nc1 Nxc1 26. Kxc1
Nd5 27. Kd2 Rd8 28. Nxd5 Rxd5+ 29. Kc3 Kf8 30. Re2 Rd1 31. b4 f6 32. Re3 Kf7
33. Rd3 Rxd3+ 34. Kxd3 Ke6 35. Kd4 Kd6 36. g4 g6 37. a4 g5 38. f5 Kc6 39. b5+
Kb6 40. Kd5 Ka5 41. Ke6 Kxa4 42. Kxf6 Kxb5 43. Ke6 a5 44. f6 a4 45. f7 a3 46.
f8=Q Ka4 47. Kf6 Kb3 48. Qxa3+ Kxa3 49. Kxg5 Kb4 50. Kh6 1-0

[Event "5ème open de Provence (B)"]
[Site "Salon de Provence"]
[Date "2014.??.??"]
[Round "2.9"]
[White "Boghossian, Hugo"]
[Black "Mars, Fiona"]
[Result "0-1"]
[WhiteElo "1344"]
[BlackElo "1517"]
[PlyCount "58"]
[EventDate "2014.??.??"]

1. e4 e5 2. Nf3 Nc6 3. d4 exd4 4. Nxd4 Bc5 5. Be3 Qf6 6. Nb5 Bxe3 7. fxe3 Qh4+
8. g3 Qxe4 9. Nxc7+ Kd8 10. Nxa8 Qxh1 11. Qd6 Nf6 12. Nd2 Qd5 13. Qf4 Qe5 14.
O-O-O Qxf4 15. exf4 b6 16. Bg2 Bb7 17. b4 Kc8 18. Nc4 Ne8 19. Ncxb6+ axb6 20.
Nxb6+ Kc7 21. Rxd7+ Kxb6 22. b5 Na5 23. c4 Bxg2 24. Rd8 Nxc4 25. a4 Kc7 26. Rd4
Ned6 27. Kc2 Rd8 28. Kc3 Bf1 29. Rd1 Nxb5+ 0-1

[Event "5ème open de Provence (B)"]
[Site "Salon de Provence"]
[Date "2014.??.??"]
[Round "2.10"]
[White "Chabaud, Philippe"]
[Black "Grima-Flores, Jose"]
[Result "1-0"]
[WhiteElo "1480"]
[BlackElo "1340"]
[PlyCount "53"]
[EventDate "2014.??.??"]

1. d4 d5 2. c4 dxc4 3. Nc3 e5 4. e3 exd4 5. exd4 Bb4 6. Bxc4 Nf6 7. Bg5 O-O 8.
Nge2 Re8 9. O-O h6 10. Bxf6 Qxf6 11. Nd5 Qd6 12. Qb3 Nc6 13. Nxb4 Be6 14. Nxc6
Bxc4 15. Qxc4 bxc6 16. Rfe1 Re6 17. Nc3 Rf6 18. Ne4 Qf4 19. Nxf6+ Qxf6 20. Re3
Rd8 21. Rd1 g6 22. Rf3 Qg7 23. h3 Rd5 24. Qxc6 Rxd4 25. Rxd4 Qxd4 26. Qe8+ Kh7
27. Rxf7+ 1-0

[Event "5ème open de Provence (B)"]
[Site "Salon de Provence"]
[Date "2014.??.??"]
[Round "2.11"]
[White "Mars, Theo"]
[Black "Villevieille, Lucas"]
[Result "1-0"]
[WhiteElo "1449"]
[BlackElo "1338"]
[PlyCount "135"]
[EventDate "2014.??.??"]

1. c4 {[%emt 0:00:00]} c5 {[%emt 0:00:00]} 2. Nc3 Nc6 3. Nf3 g6 4. g3 Bg7 5.
Bg2 d6 6. O-O e5 7. e4 Nge7 8. d3 O-O 9. Rb1 Rb8 10. a3 a5 11. Nd5 Nxd5 12.
cxd5 Ne7 13. b4 axb4 14. axb4 cxb4 15. Rxb4 f5 16. Be3 f4 17. Bb6 Qd7 18. Qc1
Ra8 19. Qc7 Qxc7 20. Bxc7 Ra6 21. Rb6 Rxb6 22. Bxb6 fxg3 23. fxg3 Bh6 24. Bc7
Be3+ 25. Kh1 Rf6 26. Nd2 Rxf1+ 27. Nxf1 Bc5 28. Nd2 Kf7 29. Nc4 b5 30. Nxd6+
Bxd6 31. Bxd6 Kf6 32. Kg1 Ba6 33. Kf2 Nc8 34. Bb4 Kf7 35. Bh3 Kf6 36. d6 Nxd6
37. Bxd6 b4 38. Ke3 b3 39. Ba3 h5 40. Bd7 Kg5 41. h3 h4 42. g4 Kf6 43. Bb2 g5
44. Ba4 Ke6 45. Bxb3+ Kd6 46. d4 exd4+ 47. Kxd4 Bf1 48. e5+ Kd7 49. e6+ Kd8 50.
Ba3 Bb5 51. Ke5 Bc6 52. Kf6 Be8 53. e7+ Kc8 54. Bf7 Kd7 55. Bxe8+ Kxe8 56. Kxg5
Kf7 57. Kxh4 Ke8 58. Kg5 Kf7 59. h4 Ke8 60. h5 Kf7 61. h6 Ke8 62. h7 Kf7 63.
h8=Q Ke6 64. Qf6+ Kd7 65. Qd6+ Ke8 66. Qd8+ Kf7 67. e8=Q+ Kg7 68. Qde7# 1-0

[Event "5ème open de Provence (B)"]
[Site "Salon de Provence"]
[Date "2014.??.??"]
[Round "2.12"]
[White "Achard-Rozan, Celian"]
[Black "Ulloa, Philippe"]
[Result "1-0"]
[WhiteElo "1330"]
[BlackElo "1443"]
[PlyCount "54"]
[EventDate "2014.??.??"]

1. e4 e5 2. Nf3 d6 3. c3 Nc6 4. d4 exd4 5. cxd4 Bg4 6. Bb5 d5 7. e5 a6 8. Ba4
b5 9. Bc2 Bb4+ 10. Bd2 Qe7 11. Nc3 Nxd4 12. Nxd5 Qc5 13. Nxb4 Nxf3+ 14. gxf3
Qxe5+ 15. Qe2 Qxe2+ 16. Kxe2 Be6 17. Rhe1 O-O-O 18. Rac1 Bc4+ 19. Bd3 a5 20.
Bxc4 bxc4 21. Nc6 Rd5 22. Rxc4 Kb7 23. Nxa5+ Kc8 24. Rec1 Rd7 25. Bf4 Nf6 26.
Rxc7+ Rxc7 27. Rxc7+ Kb8 1-0